000 00509nam a2200169Ia 4500
008 090711s9999 xx 000 0 und d
082 _b60246
100 _aकाकोडकर Sांद्रकांत
245 _aहेमांगी
260 _c1987
300 _a160
600 _aकाकोडकर Sांद्रकांत
630 _aहेमांगी
700 _aकाकोडकर Sांद्रकांत
730 _aहेमांगी
942 _cBOOK
999 _c293286
_d293286